El poder oculto: sociedad y medios de comunicación

Gorde:
Xehetasun bibliografikoak
Egile nagusia: Perea de Martínez, María Esther (Egilea)
Formatua: Liburua
Hizkuntza:gaztelania
Argitaratua: Mendoza Gladius 1995
Gaiak:
Etiketak: Etiketa erantsi
Etiketarik gabe, Izan zaitez lehena erregistro honi etiketa jartzen!

MARC

LEADER 00000nam a2200000 a 4500
001 UCU1400
003 CL-VaPUC
008 960404e19950000AG |||||||||||||||||spa|d
020 |a 9509674273 
082 0 4 |a 302.23  |b PER  |2 21 
100 0 |a Perea de Martínez, María Esther  |e author  |9 357058 
245 1 3 |a El poder oculto: sociedad y medios de comunicación 
300 |a 238 p 
942 |c BK 
945 |d 19960404 00:00:00  |a rleighto 
260 |a Mendoza  |b Gladius  |c 1995 
650 0 |a Comunicación   |9 257251 
650 0 |a Informática   |9 260044 
650 7 |a BANCOS DE DATOS  |2 CL-VaPUC  |9 357059 
650 7 |a TELEMATICA  |2 CL-VaPUC  |9 357060 
650 0 |a Comunicación   |9 257251 
650 0 |a Telecomunicaciones   |9 257195 
650 7 |a COMUNICACION SATELITAL  |2 CL-VaPUC  |9 357061 
650 7 |a SATELITES  |2 CL-VaPUC  |9 352279 
650 7 |a COMUNICACION DE MASAS  |2 CL-VaPUC  |9 334823 
650 0 |a Publicidad  |9 314572 
650 0 |a Medios de comunicación  |9 257206 
650 0 |a Radio  |9 260680 
650 0 |a Cine  |9 225706 
650 0 |a Televisión  |9 256845 
583 |a last modification  |c 19960404 00:00:00  |k Rodrigo Vera 
999 |c 246044  |d 246042 
952 |0 0  |1 0  |4 0  |6 302_230000000000000_PER_1995  |7 0  |8 A  |9 260768  |a BIBCUR  |b BIBCUR  |d 2019-11-19  |i 3186458  |o 302.23 PER 1995  |p 3186458  |r 2025-04-22  |w 2019-11-19  |y BK  |k PER